[Event "POL-ch Academic"]
[Site "Chorzow"]
[Date "2022.04.01"]
[Round "1"]
[White "Szustakowski, Antoni"]
[Black "Koper, Jan"]
[Result "1-0"]
[WhiteElo "2169"]
[BlackElo "1492"]
[PlyCount "39"]
[EventDate "2022.04.01"]
[EventType "swiss (rapid)"]
[EventRounds "9"]
[EventCountry "POL"]
[SourceTitle "EXT 2024"]
[Source "ChessBase"]
[SourceDate "2023.10.10"]
[SourceVersion "1"]
[SourceVersionDate "2023.10.10"]
[SourceQuality "1"]

1. b3 c5 2. Bb2 e6 3. Nf3 d5 4. e3 Nf6 5. c4 b6 6. cxd5 exd5 7. Bb5+ Bd7 8. Be2 Be7 9. 0-0 0-0 10. d4 Re8 11. Nc3 a6 12. dxc5 Bxc5 13. Nxd5 Nxd5 14. Qxd5 Bc6 15. Qh5 g6 16. Qh6 Bf8 17. Qf4 Re4 18. Qg3 Qc8 19. Ng5 Rb4 20. Qe5 1-0

[Event "Schwaben-ch"]
[Site "Sonthofen"]
[Date "2013.11.02"]
[Round "4.13"]
[White "Stepanek, Vladimir"]
[Black "Koper, Jan"]
[Result "1-0"]
[WhiteElo "1243"]
[BlackElo "1106"]
[PlyCount "55"]
[EventDate "2013.11.01"]
[EventType "swiss"]
[EventRounds "6"]
[EventCountry "GER"]
[SourceTitle "EXT 2022"]
[Source "ChessBase"]
[SourceDate "2021.10.06"]
[SourceVersion "1"]
[SourceVersionDate "2021.10.06"]
[SourceQuality "1"]

1. Nc3 Nf6 2. Nf3 d5 3. d4 a6 4. Bg5 e6 5. e4 Be7 6. e5 Nfd7 7. Qd2 c5 8. Bxe7 Qxe7 9. 0-0-0 Nc6 10. Re1 c4 11. Qg5 0-0 12. Qxe7 Nxe7 13. g3 b5 14. b3 f6 15. Bg2 b4 16. Na4 c3 17. Nc5 Nxc5 18. dxc5 Bb7 19. Nd4 fxe5 20. Rxe5 Rxf2 21. Rxe6 Kf8 22. Rhe1 Rxg2 23. Rxe7 Kg8 24. Rxb7 Rf2 25. Rbe7 Raf8 26. c6 R8f7 27. Rxf7 Rxf7 28. Re8+ 1-0

[Event "Suedschwaben-ch Seniors"]
[Site "Immenstadt"]
[Date "2013.02.16"]
[Round "4.8"]
[White "Koeberle, Adolf"]
[Black "Koper, Jan"]
[Result "0-1"]
[WhiteElo "812"]
[BlackElo "1065"]
[PlyCount "114"]
[EventDate "2013.02.15"]
[EventType "swiss"]
[EventRounds "6"]
[EventCountry "GER"]
[SourceTitle "EXT 2022"]
[Source "ChessBase"]
[SourceDate "2021.10.06"]
[SourceVersion "1"]
[SourceVersionDate "2021.10.06"]
[SourceQuality "1"]

1. d4 d5 2. Bd2 Nf6 3. e3 Nc6 4. Be2 e5 5. c3 Bd6 6. Nf3 0-0 7. Bb5 e4 8. Bxc6 bxc6 9. Ne5 Bb7 10. f3 Qc8 11. 0-0 Bxe5 12. dxe5 Nd7 13. f4 Nc5 14. Na3 Ba6 15. Re1 Nd3 16. Nc2 Nxb2 17. Qb1 Rb8 18. Nb4 Nc4 19. Rd1 c5 20. Qc2 cxb4 21. cxb4 Qe6 22. h3 Rfd8 23. Bc3 Nxe3 24. Qd2 Nxd1 25. Rxd1 Bd3 26. Qe3 Qa6 27. Qd2 d4 28. Ba1 e3 29. Qxd3 Qxd3 30. Rxd3 e2 31. Kf2 Rxb4 32. Kxe2 c5 33. a3 Rb1 34. Rd1 d3+ 35. Kd2 Rxd1+ 36. Kxd1 c4 37. Bc3 Rd5 38. a4 a5 39. Kd2 g6 40. g4 h5 41. gxh5 gxh5 42. h4 Kh7 43. f5 f6 44. e6 Kg7 45. Ke3 Rxf5 46. Bd2 Kf8 47. Kd4 Ke7 48. Kxc4 Rf2 49. Kxd3 Kxe6 50. Bxa5 Ra2 51. Kc4 Rxa4+ 52. Kb5 Rxh4 53. Be1 Re4 54. Bg3 h4 55. Bh2 h3 56. Kc5 Re2 57. Bg3 h2 0-1

[Event "Suedschwaben-ch Seniors"]
[Site "Immenstadt"]
[Date "2012.04.02"]
[Round "5.8"]
[White "Koper, Jan"]
[Black "Haeusler, Manfred"]
[Result "0-1"]
[WhiteElo "1065"]
[BlackElo "1459"]
[PlyCount "78"]
[EventDate "2012.03.31"]
[EventType "swiss"]
[EventRounds "6"]
[EventCountry "GER"]
[SourceTitle "EXT 2022"]
[Source "ChessBase"]
[SourceDate "2021.10.06"]
[SourceVersion "1"]
[SourceVersionDate "2021.10.06"]
[SourceQuality "1"]

1. e4 e5 2. Nf3 Nc6 3. Bb5 d6 4. c3 Nf6 5. 0-0 Be7 6. Re1 0-0 7. h3 Bd7 8. Ba4 a6 9. d4 b5 10. Bc2 exd4 11. cxd4 Re8 12. Bf4 Nb4 13. a3 Nxc2 14. Qxc2 c6 15. Nc3 Rc8 16. Re3 Nh5 17. Ne2 Nxf4 18. Nxf4 Bg5 19. Nxg5 Qxg5 20. Rf3 d5 21. e5 Bf5 22. Qc3 Be4 23. Re1 Bxf3 24. Qxf3 Qf5 25. Qe3 Re7 26. g4 Qd7 27. Nd3 Rce8 28. Nc5 Qc8 29. f4 g6 30. f5 f6 31. e6 gxf5 32. gxf5 Rg7+ 33. Kh2 Qc7+ 34. Kh1 Rg3 35. Rg1 Rxg1+ 36. Qxg1+ Qg7 37. Qxg7+ Kxg7 38. Nxa6 Kh6 39. Nc5 Kg5 0-1